| 000 | 00428cam a2200181ua 4500 | ||
|---|---|---|---|
| 020 | _c2.00 | ||
| 041 |
_ahin _h |
||
| 082 |
_a891.54 _bRAG/KA |
||
| 100 | _aRagubeer, Singh . | ||
| 245 |
_aKahani: Nayi purani / _cRagubeer Singh. _hTextual Documents |
||
| 250 |
_a8 / _b. |
||
| 260 |
_aDelhi : _bRajkamal Prakash , _c1962. |
||
| 300 | _a193 ; . | ||
| 365 | _a2.00 | ||
| 504 | _a | ||
| 942 | _cBK | ||
| 999 |
_c8094 _d8094 |
||